Toutes les gares ferroviaires du Puy-de-Dôme - Statistiques

Statistiques générales
  • Ce quiz a été pris 28 fois
  • Le résultat moyen est 9 sur 24
Statistiques - réponses
Fréquentation annuelle Nom de la gare % Correct
4 922 516 Clermont-Ferrand
96%
585 807 Issoire
87%
49 614 Thiers
78%
1 318 440 Riom - Châtel-Guyon
57%
21 395 Volvic
52%
370 718 Clermont-La Pardieu
43%
122 704 Brassac-les-Mines - Sainte-Florine
39%
45 834 Gerzat
39%
303 094 Vic-le-Comte
39%
94 234 Aigueperse
35%
21 385 Aulnat-aéroport
35%
202 952 Les Martres-de-Veyre
30%
77 561 Parent - Coudes - Champeix
30%
8 533 Aubiat
26%
183 417 Le Cendre - Orcet
26%
53 118 Pont-de-Dore
26%
5 871 Royat - Chamalières
26%
188 066 Vertaizon
26%
85 420 Sarliève - Cournon
22%
14 956 Clermont-La Rotonde
17%
3 209 Durtol - Nohanent
17%
93 308 Lezoux
17%
25 607 Pontmort
17%
10 013 Lapeyrouse
0%
Aucun quiz correspondant
Distribution des résultats
% des personnes avec chaque résultat
Percentile par nombre de réponses
Votre historique - résultats
Vous n’avez pas pris ce quiz